• 首页
  • 本馆介绍
  • 公告通知
  • 最新文献
  • 馆藏检索
  • 电子资源
  • 读者导购
  • 参考咨询
  • 我的图书馆
  • 登录
  • 详细信息显示
  • 放入我的书架
  • 预约/预借图书
  • 作者相关作品
  • 分类相关作品
  • 丛书相关作品
  • 出版社相关作品

书目信息

  • 表格格式
  • 工作单格式
  • 卡片格式
题名:
工程热力学
    
 
作者: 庞麓鸣 编
分册:  
出版信息: 北京   人民教育出版社  1980
页数: 620页
开本: 21cm
丛书名:
单 册:
中图分类: TK12
科图分类:
主题词: 热力工程--理论
电子资源:
ISBN:
000 00664nam0 2200241 45
001 0180006091
005 20060731111539.90
010    @dCNY2.20
091    @a15012.0233
100    @a19950726d1980 em y0chiy0121 ea
101 0  @achi
102    @aCN@b110000
105    @ay z 000yy
200 10 @a工程热力学@Agong cheng re li xue@f庞麓鸣等编@Fpang lu ming deng bian
210    @a北京@c人民教育出版社@d1980
215    @a620页@d21cm
300    @a高等学校试用教材
606 0  @a热力工程@x理论
690    @aTK12
701  0 @a庞麓鸣@Apang lu ming@4编
801  0 @aCN@b上海图书馆@c20060731
801  2 @aCN@bNLC@c20060323
905    @f1@b147495@dTK12@e20@b147493@f1
    
    工程热力学/庞麓鸣等编.-北京:人民教育出版社,1980
    620页;21cm
    高等学校试用教材
    
    ISBN :CNY2.20
    
●
相关链接 在E读中查询图书 在五车中查询图书 在当当中查询图书 在豆瓣中查询图书


正题名:工程热力学     索取号:TK12/20         预约/预借

序号 登录号 条形码 馆藏地/架位号 状态 备注
1 0147492   202217582   密集书库/ [索取号:TK12/20] 在馆    
2 0147493   001366186   第三借阅区/ [索取号:TK12/20] 在馆    
3 0147494   202217573   密集书库/ [索取号:TK12/20] 在馆    
4 0147495   001367979   密集书库/ [索取号:TK12/20] 在馆    
5 0147496   001367933   第二样本阅览室/ [索取号:TK12/20] 在馆    
6 0439132   204391327   密集书库/ [索取号:TK12/20] 在馆    
7 0439133   204391336   密集书库/ [索取号:TK12/20] 在馆    
唐山师范学院图书馆 欢迎您!
大连网信软件有限公司© 版权所有